[Event "DEM U18w 2022"]
[Site "Willingen GER"]
[Date "2022.06.10"]
[Round "8"]
[White "Basovskiy, Jana"]
[Black "Dietz, Kristin"]
[Result "1/2-1/2"]
[Termination "normal"]
[Board "4"]
[WhiteElo "1938"]
[BlackElo "1739"]
[WhiteClock "00:21:06"]
[BlackClock "00:32:37"]
[PlyCount "120"]
[WhiteFideId "16208617"]
[BlackFideId "12993743"]
[EventCountry "GER"]
[EventRounds "9"]
[EventType "swiss"]
[EventDate "2022.06.04"]

1. e4 {[%clk 1:30:59]} c5 {[%clk 1:30:56]} 2. Nf3 {[%clk 1:31:26]} e6 {[%clk
1:31:21]} 3. g3 {[%clk 1:31:52]} Nc6 {[%clk 1:31:39]} 4. Bg2 {[%clk 1:32:14]}
Nge7 {[%clk 1:29:33]} 5. O-O {[%clk 1:30:17]} d5 {[%clk 1:18:41]} 6. d3 {[%clk
1:23:35]} dxe4 {[%clk 1:11:30]} 7. dxe4 {[%clk 1:23:37]} Qxd1 {[%clk 1:10:37]}
8. Rxd1 {[%clk 1:18:06]} e5 {[%clk 1:07:31]} 9. Be3 {[%clk 1:16:53]} Ng6 {[%clk
1:05:34]} 10. Nc3 {[%clk 1:04:08]} Bg4 {[%clk 1:02:35]} 11. Nd5 {[%clk
1:04:17]} O-O-O {[%clk 1:02:45]} 12. c3 {[%clk 1:04:27]} f5 {[%clk 0:56:18]}
13. h3 {[%clk 0:59:41]} fxe4 {[%clk 0:52:36]} 14. hxg4 {[%clk 1:00:06]} exf3
{[%clk 0:52:58]} 15. Bxf3 {[%clk 1:00:32]} Bd6 {[%clk 0:49:10]} 16. Be4 {[%clk
0:56:26]} Na5 {[%clk 0:48:11]} 17. Bg5 {[%clk 0:55:25]} Rde8 {[%clk 0:46:00]}
18. Ne3 {[%clk 0:40:30]} Be7 {[%clk 0:43:42]} 19. Bf5+ {[%clk 0:36:44]} Kb8
{[%clk 0:43:49]} 20. Bxe7 {[%clk 0:37:06]} Nxe7 {[%clk 0:43:30]} 21. Rd7 {[%clk
0:32:44]} Nxf5 {[%clk 0:38:20]} 22. Nxf5 {[%clk 0:33:09]} g6 {[%clk 0:38:36]}
23. Ne3 {[%clk 0:33:15]} Rd8 {[%clk 0:38:24]} 24. Rad1 {[%clk 0:33:29]} Kc8
{[%clk 0:38:34]} 25. R7d5 {[%clk 0:32:22]} b6 {[%clk 0:35:34]} 26. Rxe5 {[%clk
0:29:50]} Rxd1+ {[%clk 0:35:51]} 27. Nxd1 {[%clk 0:30:10]} Rd8 {[%clk 0:35:08]}
28. Ne3 {[%clk 0:28:15]} Nc6 {[%clk 0:33:32]} 29. Rd5 {[%clk 0:23:30]} Re8
{[%clk 0:27:58]} 30. Nc4 {[%clk 0:19:34]} Re2 {[%clk 0:26:47]} 31. Kf1 {[%clk
0:19:54]} Rc2 {[%clk 0:27:10]} 32. Ke1 {[%clk 0:15:07]} Kc7 {[%clk 0:22:07]}
33. Rd2 {[%clk 0:15:30]} Rc1+ {[%clk 0:19:51]} 34. Ke2 {[%clk 0:15:49]} Nd4+
{[%clk 0:19:29]} 35. Kd3 {[%clk 0:10:08]} Nf3 {[%clk 0:19:07]} 36. Re2 {[%clk
0:10:24]} b5 {[%clk 0:16:25]} 37. Ne5 {[%clk 0:07:16]} c4+ {[%clk 0:15:52]} 38.
Ke4 {[%clk 0:07:28]} Ng1 {[%clk 0:14:39]} 39. Rd2 {[%clk 0:06:00]} Re1+ {[%clk
0:14:49]} 40. Kd5 {[%clk 0:05:38]} Rxe5+ {[%clk 0:15:09]} 41. Kxe5 {[%clk
0:05:49]} Nf3+ {[%clk 0:15:35]} 42. Kf6 {[%clk 0:06:14]} Nxd2 {[%clk 0:16:01]}
43. Kg7 {[%clk 0:06:27]} Ne4 {[%clk 0:15:50]} 44. f3 {[%clk 0:02:57]} Nxg3
{[%clk 0:13:52]} 45. Kxh7 {[%clk 0:03:22]} Nf1 {[%clk 0:14:18]} 46. g5 {[%clk
0:04:02]} Ne3 {[%clk 0:11:41]} 47. Kxg6 {[%clk 0:04:16]} Kd6 {[%clk 0:12:05]}
48. Kf6 {[%clk 0:02:42]} Nd5+ {[%clk 0:12:22]} 49. Kf7 {[%clk 0:03:04]} Ke5
{[%clk 0:08:52]} 50. g6 {[%clk 0:01:53]} Ne3 {[%clk 0:04:15]} 51. g7 {[%clk
0:28:57]} Nf5 {[%clk 0:34:38]} 52. g8=Q {[%clk 0:24:08]} Nh6+ {[%clk 0:33:36]}
53. Kg7 {[%clk 0:24:36]} Nxg8 {[%clk 0:34:02]} 54. Kxg8 {[%clk 0:25:04]} a5
{[%clk 0:31:35]} 55. a3 {[%clk 0:21:57]} Kf4 {[%clk 0:31:05]} 56. Kf7 {[%clk
0:22:22]} Kxf3 {[%clk 0:31:31]} 57. Ke6 {[%clk 0:20:52]} Ke4 {[%clk 0:31:55]}
58. Kd6 {[%clk 0:21:14]} Kd3 {[%clk 0:32:16]} 59. Kc5 {[%clk 0:21:06]} Kc2
{[%clk 0:32:37]} 60. Kxc4 bxc4 1/2-1/2